Advanced Microprocessors and Microcontrollers / (رقم التسجيلة. 31141)

تفاصيل مارك
000 -الفاتح
حقل البيانات ثابتة الطول 01475nam a2200205 a 4500
001 - رقم الضبط
رقم الضبط ASIN8189866826
003 - محدد رقم الضبط
رقم الضبط OSt
005 - وقت وتاريخ اخر تعامل مع التسجيلة
رقم الضبط 20150408114142.0
008 - عناصر البيانات ثابتة الطول - معلومات عامة
حقل البيانات ثابتة الطول 131001s2008 xxu eng d
020 ## - الرقم الدولى المعيارى للكتب
الرقم الدولى المعيارى للكتاب 9788184313499
040 ## - مصدر الفهرسة
وكالة الفهرسة الأصلية Ma-Un
082 ## - رقم تصنيف ديوى العشرى
رقم الطبعة 22
رقم التصنيف 004.16
100 1# - المدخل الرئيسى - إسم شخصى
الإسم الشخصى Godse , A. P.
9 (RLIN) 37522
245 10 - بيان العنوان
العنوان Advanced Microprocessors and Microcontrollers /
بيان المسئوليه,etc A.P. Godse, D.A. Godse
260 ## - PUBLICATION, DISTRIBUTION, ETC. (IMPRINT)
مكان الناشر او الموزع New Delhi :
اسم الناشر او الموزع Technical Publications
تاريخ النشر أو التوزيع 2008.
300 ## - الوصف المادى
التعداد 894 p. ;
أبعاد الوعاء 24 cm.
520 ## - التبصرة الخاصة بالتعليق أو التلخيص
ملخص,الخ This book is designed for the way we learn and intended for one-semester course in Data Structures through Java. This is a very useful guide for graduate and undergraduate students and teachers of Computer Science. This modern object-oriented approach to data structures helps students make the transition from a first course in programming to an integrated under-standing of data structures and their applications. Carefully developing topics with sufficient detail, this text enables students to learn about concepts on their own, offering instructors' flexibility and allowing them to use the text as lecture reinforcement. It includes an exhaustive introduction to algorithms, an integral part of understanding data structures, and uses Java syntax and structure in the design of data structures. Its breadth of coverage insures that data structures and algorithms are carefully and comprehensively discussed.
650 ## - المدخل الاضافى بالموضوع-مصطلح موضوعى
مصطلح موضوعي أو اسم جغرافي كعنصر مدخل Microprocessors
9 (RLIN) 3299
942 ## - عناصر المدخل الإضافي( كوها)
مصدر التصنيف او مخطط الترفيف Dewey Decimal Classification
Koha [default] item type كتاب
المقتنيات
حالة الفقد نموذج السعر الفعال حالة تلف ليس للاعارة رقم الطلب رقم النسخة تاريخ الاكتساب الموقع الحالي الباركود الفرع الرئيسي Date last seen نوع المادة فى نظام كوها مصدر التصنيف او خطة الترفيف Total Checkouts Date last checked out
  2013-10-08     004.16 GAA n1 2013-10-08 المكتبة المركزية بالمجمعة (CL) 00451311 المكتبة المركزية بالمجمعة (CL) 2013-10-08 كتاب Dewey Decimal Classification    
  2013-10-08     004.16 GAA n2 2013-10-08 المكتبة المركزية بالمجمعة (CL) 00451314 المكتبة المركزية بالمجمعة (CL) 2013-10-08 كتاب Dewey Decimal Classification    
  2013-10-08   Not For Loan 004.16 GAA n3 2013-10-08 المكتبة المركزية بالمجمعة (CL) 00451312 المكتبة المركزية بالمجمعة (CL) 2013-10-08 كتاب Dewey Decimal Classification    
  2013-10-08     004.16 GAA n1 2013-10-08 مكتبة مجمع الكليات بالزلفى - طلاب (SZM) 00451310 مكتبة مجمع الكليات بالزلفى - طلاب (SZM) 2013-10-08 كتاب Dewey Decimal Classification    
  2013-10-08     004.16 GAA n2 2013-10-08 مكتبة مجمع الكليات بالزلفى - طلاب (SZM) 00451313 مكتبة مجمع الكليات بالزلفى - طلاب (SZM) 2020-02-27 كتاب Dewey Decimal Classification 1 2020-01-29
  2013-10-08   Not For Loan 004.16 GAA n3 2013-10-08 مكتبة مجمع الكليات بالزلفى - طلاب (SZM) 00451315 مكتبة مجمع الكليات بالزلفى - طلاب (SZM) 2013-10-08 كتاب Dewey Decimal Classification